Elementos de geología aplicada a la práctica de la ingeniería civil (Registro nro. 957)
[ vista simple ]
| 000 -CABECERA | |
|---|---|
| Longitud fija campo de control | 01008nam a2200265Ia 4500 |
| 001 - NÚMERO DE CONTROL | |
| Número de control | 470797 |
| 003 - IDENTIFICADOR DEL NÚMERO DE CONTROL | |
| Identificador del número de control | EcQuBN |
| 006 - CÓDIGOS DE INFORMACIÓN DE LONGITUD FIJA--CARACTERÍSTICAS DEL MATERIAL ADICIONAL | |
| Códigos de información de longitud fija - Características del material adicional | a||||gr|||| 001 0 |
| 007 - CAMPO FIJO DE DESCRIPCIÓN FÍSICA--INFORMACIÓN GENERAL | |
| Campo fijo de descripción física | ta |
| 008 - DATOS DE LONGITUD FIJA--INFORMACIÓN GENERAL | |
| Códigos de información de longitud fija | 130917s2007 ec gr 001 0 spa d |
| 020 ## - NÚMERO INTERNACIONAL ESTÁNDAR DEL LIBRO | |
| Número Internacional Normalizado para Libros (ISBN) | 9789942001689 |
| 040 ## - FUENTE DE LA CATALOGACIÓN | |
| Centro catalogador de origen | EcQuBN |
| 082 ## - NÚMERO DE LA CLASIFICACIÓN DECIMAL DEWEY | |
| Número de clasificación | 624 |
| Número de documento | A2841 |
| 084 ## - OTRO NÚMERO DE CLASIFICACIÓN | |
| Número de clasificación | FER2Lb008218 |
| 100 1# - ENTRADA PRINCIPAL--NOMBRE DE PERSONA | |
| Nombre de persona | Aguirre Asanza, Jorge |
| 9 (RLIN) | 292 |
| 245 10 - MENCIÓN DE TÍTULO | |
| Título | Elementos de geología aplicada a la práctica de la ingeniería civil |
| Mención de responsabilidad, etc. | Jorge Aguirre Asanza |
| 260 ## - PUBLICACIÓN, DISTRIBUCIÓN, ETC. (PIE DE IMPRENTA) | |
| Lugar de publicación, distribución, etc. | Loja, Ecuador : |
| Nombre del editor, distribuidor, etc. | UTPL |
| Fecha de publicación, distribución, etc. | 2007 |
| 300 ## - DESCRIPCIÓN FÍSICA | |
| Extensión | 240 p. : |
| Otros detalles físicos | il. ; |
| Dimensiones | 21 cm. |
| 505 0# - NOTA DE CONTENIDO CON FORMATO | |
| Nota de contenido con formato preestablecido | Minerales – Rocas – Meteorización y erosión – Geología y terreno-fisiografía – Geología y abastecimiento del agua – Geología y explotación de canteras – Geología y problemas de ingeniería – Geología y suelos – Mapas geológicos – Elementos básicos de geología estructural, |
| 590 0# - NOTA LOCAL (RLIN) | |
| Nota local | crc |
| 650 ## - PUNTO DE ACCESO ADICIONAL DE MATERIA--TÉRMINO DE MATERIA | |
| Nombre de materia o nombre geográfico como elemento de entrada | Geología |
| 9 (RLIN) | 12999 |
| Nombre de materia o nombre geográfico como elemento de entrada | Mecánica de suelos |
| 9 (RLIN) | 14055 |
| Nombre de materia o nombre geográfico como elemento de entrada | Ingeniería |
| 9 (RLIN) | 13459 |
| 942 ## - ELEMENTOS DE PUNTO DE ACCESO ADICIONAL (KOHA) | |
| Fuente de clasificaión o esquema | Número de Clasificación Local |
| Koha [por defecto] tipo de item | Monografía |
| Suprimido | Perdido | Fuente de clasificación o esquema | Estropeado | Restricciones de uso | No se presta | Koha Colección | Localización (Biblioteca) | Localización actual | Localización en estanterías | Fecha adquisición | Préstamos totales | Clasificación completa | Designación de pieza (código de barras) | Fecha última consulta | Número de ejemplar | Fecha del precio de reemplazo | Tipo de item de Koha |
|---|---|---|---|---|---|---|---|---|---|---|---|---|---|---|---|---|---|
| Disponible | Número de Clasificación Local | Sin daños | Acceso Restringido | No para préstamo | Biblioteca y Archivo de la CCE | Biblioteca y Archivo de la CCE | 12/03/2013 | FER2Lb008218 | E0013062 | 17/09/2013 | Ej.1 | 17/09/2013 | Monografía | ||||
| Disponible | Número de Clasificación Local | Sin daños | Sin restricciones de uso | Disponible para préstamo | Biblioteca y Archivo de la CCE | Biblioteca y Archivo de la CCE | 12/03/2013 | FER2Lb008218 | E0013063 | 17/09/2013 | Ej.2 | 17/09/2013 | Monografía | ||||
| Disponible | Número de Clasificación Local | Sin daños | Sin restricciones de uso | Disponible para préstamo | Biblioteca y Archivo de la CCE | Biblioteca y Archivo de la CCE | 12/03/2013 | FER2Lb008218 | E0013064 | 17/09/2013 | Ej.3 | 17/09/2013 | Monografía |























